Govt. of
Madhya Pradesh

Homi Jehangir Bhabha (Record no. 63500)

MARC details
000 -LEADER
fixed length control field 00244nam a22001097a 4500
082 ## - DEWEY DECIMAL CLASSIFICATION NUMBER
Classification number 920/KUM
100 ## - MAIN ENTRY--AUTHOR NAME
Personal name Deepak Kumar
245 ## - TITLE STATEMENT
Title Homi Jehangir Bhabha
260 ## - PUBLICATION, DISTRIBUTION, ETC. (IMPRINT)
Place of publication Delhi
Name of publisher Atish Pra
Year of publication 2019
650 ## - SUBJECT ADDED ENTRY--TOPICAL TERM
Topical Term Biography
942 ## - ADDED ENTRY ELEMENTS (KOHA)
Koha item type Books
Holdings
Withdrawn status Lost status Damaged status Not for loan Home library Current library Date acquired Cost, normal purchase price Full call number Accession Number Price effective from Koha item type
        MACL MACL 04/10/2020 395.00 920/KUM CRE037534 04/10/2020 Books